Pulmonary pathology / (Record no. 120542)
[ view plain ]
| 000 -LEADER | |
|---|---|
| fixed length control field | 01046nam a2200301 a 4500 |
| 003 - CONTROL NUMBER IDENTIFIER | |
| control field | OSt |
| 005 - DATE AND TIME OF LATEST TRANSACTION | |
| control field | 20231113115902.0 |
| 008 - FIXED-LENGTH DATA ELEMENTS--GENERAL INFORMATION | |
| fixed length control field | |
| 020 ## - INTERNATIONAL STANDARD BOOK NUMBER | |
| International Standard Book Number | 9780323393089 (hardback) |
| 040 ## - CATALOGING SOURCE | |
| Original cataloging agency | NUST |
| Transcribing agency | NUST |
| Language of cataloging | eng |
| Modifying agency | NUST |
| Description conventions | rda |
| 049 ## - LOCAL HOLDINGS (OCLC) | |
| Holding library | MAIN |
| 050 ## - LIBRARY OF CONGRESS CALL NUMBER | |
| Classification number | RC756 PUL |
| 245 10 - TITLE STATEMENT | |
| Title | Pulmonary pathology / |
| Statement of responsibility, etc. | edited by Dani S Zander & Carol F Farver. |
| 250 ## - EDITION STATEMENT | |
| Edition statement | Second edition. |
| 260 ## - PUBLICATION, DISTRIBUTION, ETC. | |
| Place of publication, distribution, etc. | Philadelphia, PA : |
| Name of publisher, distributor, etc. | Elsevier, |
| Date of publication, distribution, etc. | 2018. |
| 300 ## - PHYSICAL DESCRIPTION | |
| Extent | xiv, 759 pages : |
| Other physical details | illustrations (chiefly colour) ; |
| Dimensions | 29 cm. |
| 336 ## - CONTENT TYPE | |
| Content type term | text |
| Content type code | txt |
| Source | rdacontent |
| 337 ## - MEDIA TYPE | |
| Media type term | unmediated |
| Media type code | n |
| Source | rdamedia |
| 338 ## - CARRIER TYPE | |
| Carrier type term | volume |
| Carrier type code | nc |
| Source | rdacarrier |
| 490 ## - SERIES STATEMENT | |
| Series statement | Foundations in diagnostic pathology. |
| 504 ## - BIBLIOGRAPHY, ETC. NOTE | |
| Bibliography, etc. note | Includes bibliographical references and index. |
| 650 #1 - SUBJECT ADDED ENTRY--TOPICAL TERM | |
| Topical term or geographic name entry element | Lungs |
| General subdivision | Diseases |
| Form subdivision | Diagnosis. |
| 650 ## - SUBJECT ADDED ENTRY--TOPICAL TERM | |
| Topical term or geographic name entry element | Lungs |
| General subdivision | Pathophysiology. |
| 650 ## - SUBJECT ADDED ENTRY--TOPICAL TERM | |
| Topical term or geographic name entry element | Pleura |
| General subdivision | Diseases |
| Form subdivision | Diagnosis. |
| 700 ## - ADDED ENTRY--PERSONAL NAME | |
| Personal name | Zander, Dani S., |
| -- | Editor. |
| 700 ## - ADDED ENTRY--PERSONAL NAME | |
| Personal name | Farver, Carol F., |
| -- | Editor. |
| 942 ## - ADDED ENTRY ELEMENTS (KOHA) | |
| Koha item type | Ordinary Loan Books |
| Call number prefix | RC |
| Call number suffix | PUL |
| Source of classification or shelving scheme | Library of Congress Classification |
| Edition | Second edition. |
| Classification part | RC756 |
| Suppress in OPAC | No |
| Date last seen | Total Checkouts | Full call number | Barcode | Cost, replacement price | Price effective from | Koha item type | Public note | Lost status | Source of classification or shelving scheme | Damaged status | Not for loan | Collection | Withdrawn status | Home library | Current library | Shelving location | Date acquired | Source of acquisition | Cost, normal purchase price | Accession number |
|---|---|---|---|---|---|---|---|---|---|---|---|---|---|---|---|---|---|---|---|---|
| 09/09/2024 | RC756 PUL | 92004052503 | 167.00 | 09/09/2024 | BOOKS | Donation | LCC | NFIC | MAIN | MAIN | GEN | 09/09/2024 | Book Aid International | 167.00 | 60046 | |||||
| 09/09/2024 | RC756 PUL | 92004052860 | 167.00 | 09/09/2024 | BOOKS | Donation | LCC | NFIC | MAIN | MAIN | GEN | 09/09/2024 | Book Aid International | 167.00 | 60047 | |||||
| 01/20/2023 | RC756 PUL | 92004047863 | 167.00 | 01/20/2023 | BOOKS | Donation | LCC | NFIC | Medical | Medical | GEN | 01/20/2023 | Book Aid International | 167.00 |